What Movie? Films in the Middle East (Slideshow) Quiz Stats

Quiz not verified by Sporcle

Challenge
Share
Tweet
Score 0/35 Timer 09:00
0 Plays Today
% Correct
Lawrence of Arabia
96.3%
Aladdin
94.7%
American Sniper
93.3%
Raiders of the Lost Ark
91%
Argo
89.7%
Sex and the City 2
87.8%
The Hurt Locker
86.4%
Three Kings
84.4%
Transformers: Revenge of the Fallen
80.9%
The Mummy
78.4%
Jarhead
76.6%
Syriana
57.9%
Buried
57.5%
Green Zone
52.2%
The Kite Runner
52%
Munich
50.3%
Persepolis
49.7%
Jumper
49%
% Correct
Kingdom of Heaven
48.5%
Hidalgo
45.5%
From Russia with Love
40.2%
Salmon Fishing in the Yemen
36.6%
A Separation
34%
The Kingdom
33.1%
Waltz with Bashir
32.4%
Courage Under Fire
32.2%
Death on the Nile
30.8%
Midnight Express
25.1%
Body of Lies
24.8%
The Devil's Double
19.3%
A Girl Walks Home Alone at Night
18.6%
Traitor
9.7%
Incendies
6.4%
Children of Heaven
4.6%
Paradise Now
3.9%

You're not logged in!

Compare scores with friends on all Sporcle quizzes.
Sign Up with Email
OR
Log In

You Might Also Like...

Show Comments

Extras

Top Quizzes Today


Score Distribution

Your Account Isn't Verified!

In order to create a playlist on Sporcle, you need to verify the email address you used during registration. Go to your Sporcle Settings to finish the process.